[Event "Tournament (open)"]
[Site "Zhukovsky (Russia)"]
[Round "1"]
[White "Ambartsumian David (RUS)"]
[Black "Vatolin Aleksey (RUS)"]
[Result "1-0"]
[WhiteElo "1968"]
[BlackElo "1691"]

1.Nf3 Nf6 2.g3 g6 3.Bg2 Bg7 4.O-O O-O 5.c4 c6 6.d4 d5 7.cxd5 cxd5 8.Nc3 Nbd7
9.Bg5 e6 10.Qc1 Qb6 11.Rb1 Ne4 12.Bh6 Re8 13.Bxg7 Kxg7 14.e3 Nd6 15.b3 Nf6
16.Ne5 Bd7 17.Qb2 Bc6 18.Rfc1 Rac8 19.Qa3 Nb5 20.Qb4 a5 21.Na4 Qa7 22.Qc5 Qxc5
23.Rxc5 Nd7 24.Nxd7 Bxd7 25.Rbc1 Nd6 26.Nb6 Rxc5 27.dxc5 {#r} 1-0

[Event "Memorial Pedro Lezca (open)"]
[Site "Gran Canarian (Spain)"]
[Date "2011.02.03"]
[Round "2"]
[White "Perez Toledo Antonio (ESP)"]
[Black "Rodriguez Mellado Antonio (ESP)"]
[Result "0-1"]
[WhiteElo "1654"]
[BlackElo "1675"]

1.c4 Nf6 2.Nf3 g6 3.Nc3 Bg7 4.g3 c6 5.Bg2 d5 6.cxd5 cxd5 7.d4 Nc6 8.O-O Bg4
9.h3 Be6 10.Bf4 a6 11.Rc1 O-O 12.a3 h6 13.Ne5 Rc8 14.Kh2 Kh7 15.Qd2 Na5 16.Qd1
Qb6 17.b4 Nc4 18.Nxc4 Rxc4 19.Be5 Rfc8 20.Qd2 a5 21.Na2 a4 22.e3 Qc6 23.Rxc4
Qxc4 24.Rc1 Qb3 25.Rxc8 Bxc8 26.Qc1 Bxh3 27.Bxf6 Bxf6 28.Kxh3 Qxa2 29.f4 Kg7
30.Bf1 e6 31.Bb5 Qb3 32.Qc7 Qd1 33.Be8 Qh1+ 34.Kg4 h5# 0-1

[Event "Ch Turkey"]
[Site "Kemer (Turkey)"]
[Date "2011.02.11"]
[Round "8"]
[White "Satici Aydin (TUR)"]
[Black "Uzunoglu E"]
[Result "0-1"]
[WhiteElo "1854"]
[BlackElo "2052"]

1.Nf3 Nf6 2.g3 g6 3.Bg2 Bg7 4.O-O d5 5.c4 O-O 6.d4 c6 7.cxd5 cxd5 8.Nc3 Nc6
9.Bf4 Ne4 10.Rc1 Be6 11.Na4 Rc8 12.a3 b5 13.Nc3 Qb6 14.Be3 Rfd8 15.h3 h6
16.Qb3 Na5 17.Qa2 Nc4 18.Kh2 Nxe3 19.fxe3 Qb8 20.Ne5 Bxe5 {#R} 0-1

[Event "It (cat.3)"]
[Site "Los Angeles (USA)"]
[Date "2011.02.24"]
[Round "4"]
[White "Wang Philip Xiao (USA)"]
[Black "Troff Kayden W (USA)"]
[Result "1-0"]
[WhiteElo "2372"]
[BlackElo "2306"]

1.d4 Nf6 2.c4 g6 3.Nf3 Bg7 4.g3 O-O 5.Bg2 c6 6.Nc3 d5 7.cxd5 cxd5 8.Ne5 Nc6
9.O-O Ng4 10.Nxd5 Nxd4 11.Qxd4 Nxe5 12.Qc5 Nc6 13.Bg5 f6 14.Be3 Bd7 15.Rfd1
Rc8 16.Nf4 Kh8 17.Ne6 Qe8 18.Nxf8 Bxf8 19.Rac1 e5 20.Qd5 Rc7 21.Bxa7 b5 22.Bb6
Nb4 23.Qd2 Rxc1 24.Qxc1 Be7 25.Qc7 Be6 26.Bc5 Bxc5 27.Rd8 Qf8 28.Rxf8+ Bxf8
29.a3 Na2 30.Qd8 Kg7 31.Bd5 Bxd5 32.Qxd5 Nc1 33.Qd1 {#r} 1-0

[Event "Ch Lithuania (team)"]
[Site "Lithuania"]
[Date "2011.02.26"]
[Round "8"]
[White "Zickus Simonas (LTU)"]
[Black "Rutkus Marius (LTU)"]
[Result "1-0"]
[WhiteElo "2283"]
[BlackElo "1838"]

1.Nf3 Nf6 2.c4 g6 3.g3 Bg7 4.Bg2 O-O 5.d4 c6 6.O-O d5 7.cxd5 cxd5 8.Nc3 Nc6
9.Ne5 e6 10.Nxc6 bxc6 11.Bf4 Nh5 12.Be3 Qb6 13.Na4 Qb5 14.Rc1 Ba6 15.Re1 Rfc8
16.b3 Nf6 17.Nc5 Rd8 18.Bg5 h6 19.Bf4 Rac8 20.a4 Qa5 21.Bd2 Qb6 22.a5 Qb5
23.e3 {#r} 1-0

[Event "Ch Russia (juniors) (under 20)"]
[Site "St. Petersburg (Russia)"]
[Date "2011.03.05"]
[Round "2"]
[White "Shimanov Aleksandr (RUS)"]
[Black "Fedoseev Vladimir (RUS)"]
[Result "1-0"]
[WhiteElo "2565"]
[BlackElo "2154"]

1.d4 Nf6 2.c4 g6 3.g3 Bg7 4.Bg2 O-O 5.Nf3 c6 6.O-O d5 7.cxd5 cxd5 8.Nc3 Ne4
9.Ne5 Nxc3 10.bxc3 Nc6 11.Nxc6 bxc6 12.Qa4 Qb6 13.Re1 f5 14.Bf4 Qa6 15.Qb3 e6
16.e3 Qa5 17.Rec1 Rf7 18.Qb4 Qd8 19.c4 g5 20.Bd6 Ba6 21.cxd5 cxd5 22.Rab1 Rc8
23.Rxc8 Qxc8 24.Qb8 Bf8 25.Bf1 Qd7 26.Bxf8 Rxf8 27.Bxa6 {#r} 1-0

[Event "Ch Poland (juniors) (under 18)"]
[Site "Murzasichle (Poland)"]
[Date "2011.03.12"]
[Round "9"]
[White "Solnicki Michal (POL)"]
[Black "Parol Pawel (POL)"]
[Result "1-0"]
[WhiteElo "2127"]
[BlackElo "1898"]

1.Nf3 Nf6 2.g3 g6 3.Bg2 Bg7 4.O-O O-O 5.c4 c6 6.d4 d5 7.cxd5 cxd5 8.Nc3 Nc6
9.Ne5 e6 10.Nxc6 bxc6 11.Bg5 h6 12.Bf4 Nh5 13.Be3 Qd6 14.Qc1 Kh7 15.Na4 Ba6
16.Bf3 Bb5 17.Nc5 a5 18.a4 Ba6 19.Ra2 Rfc8 20.Rd1 f5 21.Bxh5 gxh5 22.Bf4 e5
23.dxe5 Bxe5 24.Qc2 Bxf4 25.Qxf5+ Kh8 26.Qxf4 Qxc5 27.Qxh6+ Kg8 28.Qg6+ Kh8
29.Qxh5+ Kg7 30.Qe5+ Kf8 31.Rd4 Qe7 32.Rf4+ Ke8 33.Qh5+ Kd8 34.Rf7 {#r} 1-0

[Event "Cup Spring (b)"]
[Site "Saratov (Russia)"]
[Date "2011.03.18"]
[Round "5"]
[White "Mamonov Alexey (RUS)"]
[Black "Brekhov Denis (RUS)"]
[Result "0-1"]
[WhiteElo "1808"]
[BlackElo "1952"]

1.d4 Nf6 2.Nf3 g6 3.g3 d5 4.Bg2 Bg7 5.O-O O-O 6.c4 c6 7.cxd5 cxd5 8.Nc3 Nc6
9.Bf4 Nh5 10.Be3 f5 11.Ne5 Nxe5 12.dxe5 e6 13.Bc5 Rf7 14.Nxd5 Rd7 15.Ne7+ Kf7
16.Qb3 Rxe7 17.Bxe7 Qxe7 18.f4 Rb8 19.Rac1 b6 20.e4 Bf8 21.Rc2 Bb7 22.Rfc1 Kg8
23.Rc7 Qe8 24.exf5 Bxg2 25.f6 Bd5 26.Qe3 Qd8 27.g4 Nxf6 28.exf6 Qxf6 29.Rc8
Rxc8 30.Rxc8 Qxb2 31.Qf2 Qa1+ 32.Qf1 Qd4+ 33.Qf2 Qd1+ {#R} 0-1

[Event "Oberliga East B 2010/11"]
[Site "Germany"]
[Date "2011.03.20"]
[Round "9"]
[White "Schaffer Hendrik (GER)"]
[Black "Gottschalk Jens (GER)"]
[Result "0-1"]
[WhiteElo "2273"]
[BlackElo "2268"]

1.d4 Nf6 2.Nf3 g6 3.g3 Bg7 4.Bg2 O-O 5.O-O d5 6.c4 c6 7.cxd5 cxd5 8.Ne5 Nbd7
9.Nc3 e6 10.Nxd7 Bxd7 11.Qb3 Bc6 12.Bg5 Qd7 13.a4 Ne4 14.Nxe4 dxe4 15.Rfd1
Rac8 16.Bd2 Bd5 17.Qe3 Rc4 18.Bc3 Qc6 19.a5 Rc8 20.Qd2 e3 21.Qxe3 Bxg2 22.f3
Bh3 23.g4 h5 24.gxh5 gxh5 25.Qg5 e5 26.Kh1 exd4 27.Bxd4 Qg6 28.Qxg6 fxg6
29.Bxa7 Bxb2 30.Rab1 Rc1 31.Kg1 Rxb1 32.Rxb1 Rc1+ {#R} 0-1

[Event "It (open)"]
[Site "Donostia (Spain)"]
[Date "2011.04.17"]
[Round "2"]
[White "Gonzalez Perez Arian (CUB)"]
[Black "Navarrete Espi Samuel (ESP)"]
[Result "1-0"]
[WhiteElo "2486"]
[BlackElo "2165"]

1.Nf3 Nf6 2.c4 g6 3.g3 Bg7 4.Bg2 c6 5.O-O O-O 6.d4 d5 7.cxd5 cxd5 8.Ne5 Nfd7
9.Bxd5 Nxe5 10.dxe5 Bxe5 11.Bh6 Bxb2 12.Bxf7+ Kh8 13.Na3 Bh3 14.Qb3 Bxa1
15.Rxa1 Nc6 16.Bxf8 Qxf8 17.Qxb7 Ne5 18.Bd5 Rb8 19.Qxa7 e6 20.Bg2 Bxg2 21.Kxg2
Qd6 22.Rd1 Qc6+ 23.f3 Rf8 24.Qd4 Rf5 25.g4 Qa6 26.gxf5 Qxe2+ 27.Kh1 Kg8 28.Rc1
Qxf3+ 29.Kg1 Qe2 30.Qd8+ Kg7 31.Rc7+ Nf7 32.Qd4+ e5 33.Rxf7+ Kxf7 34.Qc4+ {#r}
1-0

[Event "It (open)"]
[Site "Fagernes (Norway)"]
[Date "2011.04.17"]
[Round "5"]
[White "Hobber Anders (NOR)"]
[Black "Salomon Johan (NOR)"]
[Result "1-0"]
[WhiteElo "2186"]
[BlackElo "1964"]

1.Nf3 Nf6 2.c4 g6 3.g3 Bg7 4.Bg2 O-O 5.O-O c6 6.d4 d5 7.cxd5 cxd5 8.Nc3 Qb6
9.Ne5 Rd8 10.e3 Nc6 11.Nxc6 Qxc6 12.Bd2 Be6 13.Rc1 Qa6 14.Qb3 Rac8 15.Rfd1 Ne4
16.Bf1 Qd6 17.Be2 Nxc3 18.Bxc3 Qb6 19.Bb4 Bf8 20.Qa3 Rxc1 21.Rxc1 Rc8 22.Rxc8
Bxc8 23.Bc5 Qc6 24.Qxa7 Bh3 25.Qb8 f6 26.Bxe7 Kf7 27.Qxf8+ {#r} 1-0

[Event "Ch Belgium (juniors) (under 16)"]
[Site "Houffalize (Belgium)"]
[Date "2011.04.17"]
[Round "1"]
[White "Verstraeten Reinaert (BEL)"]
[Black "Barbier Astrid (BEL)"]
[Result "1-0"]
[WhiteElo "2136"]
[BlackElo "1651"]

1.Nf3 c5 2.g3 g6 3.Bg2 Bg7 4.O-O Nf6 5.c3 O-O 6.d4 cxd4 7.cxd4 d5 8.Nc3 Nc6
9.Ne5 Be6 10.e3 Nxe5 11.dxe5 Ne4 12.Nxe4 dxe4 13.Qa4 Bxe5 14.Qxe4 Qc7 15.f4
Bg7 16.Rf2 Rab8 17.Qf3 Qb6 18.g4 Bd7 19.Kh1 Bc6 20.e4 Rbd8 21.Be3 Qa5 22.a3 a6
23.Rc1 Rd7 24.f5 Rd3 25.Bf1 Rb3 26.fxg6 fxg6 27.Bc4+ Kh8 28.Qxf8+ Bxf8
29.Rxf8+ Kg7 30.Rf7+ Kh8 31.Bxb3 Bxe4+ 32.Kg1 Bc6 33.Rcf1 {#r} 1-0

[Event "Ch Serbia (juniors) (under 18)"]
[Site "Kragujevac (Serbia)"]
[Date "2011.04.25"]
[Round "2"]
[White "Radusinovic Lazar (SRB)"]
[Black "Agoston Aron (SRB)"]
[Result "1-0"]
[WhiteElo "2308"]
[BlackElo "2033"]

1.d4 Nf6 2.Nf3 g6 3.g3 Bg7 4.Bg2 O-O 5.O-O d5 6.c4 c6 7.cxd5 cxd5 8.Ne5 e6
9.Nc3 Bd7 10.Bg5 Nc6 11.Ng4 h5 12.Ne5 Qc8 13.Rc1 Nh7 14.Bf4 Qd8 15.e4 dxe4
16.Nxe4 Nxe5 17.dxe5 Bc6 18.b4 Qxd1 19.Rfxd1 Rfd8 20.h4 Kf8 21.Rxd8+ Rxd8
22.Nd6 Bxg2 23.Kxg2 b6 24.Rc7 f6 25.Nf7 Rd4 26.Bh6 Bxh6 27.Nxh6 Rxb4 28.Rxh7
fxe5 29.Rxa7 e4 30.Nf7 Rb2 31.Kf1 {#r} 1-0

[Event "Memorial Mateu Chalmeta (open)"]
[Site "Sant Boi (Spain)"]
[Date "2011.05.13"]
[Round "3"]
[White "Tallo Dominguez Imar (ESP)"]
[Black "Blasco Coll Andreu (ESP)"]
[Result "1-0"]
[WhiteElo "2141"]
[BlackElo "1928"]

1.Nf3 d5 2.g3 Nf6 3.Bg2 g6 4.O-O Bg7 5.c4 c6 6.d4 O-O 7.cxd5 cxd5 8.Ne5 Nbd7
9.Nc3 Nxe5 10.dxe5 Ng4 11.Nxd5 Nxe5 12.Bg5 Nc6 13.Nxe7+ Nxe7 14.Qxd8 Rxd8
15.Bxe7 Re8 16.Ba3 Rxe2 17.Bf3 Re8 18.Rac1 Bh3 19.Rfd1 Rab8 20.Rc7 Bd4 21.Bd5
Re2 22.Rxf7 Kh8 23.Bc4 Ree8 24.Bf1 Be6 25.Rc7 Be5 26.Bd6 Bxb2 27.Rc2 Bg4
28.Rb1 Rbd8 29.Bc7 Rd7 30.Bb5 {#r} 1-0

[Event "It (open) (b)"]
[Site "Voronezh (Russia)"]
[Date "2011.06.12"]
[Round "1"]
[White "Latonin Mikhail (RUS)"]
[Black "Peschansky Mikhail (RUS)"]
[Result "0-1"]
[WhiteElo "1995"]
[BlackElo "2289"]

1.d4 d5 2.c4 c6 3.g3 g6 4.Bg2 Bg7 5.cxd5 cxd5 6.Nc3 Nf6 7.Nf3 O-O 8.O-O Nc6
9.Bf4 Ne4 10.Rc1 Bf5 11.Ne5 Rc8 12.Nxe4 dxe4 13.Nxc6 Rxc6 14.Rxc6 bxc6 15.Be3
Qa5 16.a3 Rd8 17.Qc2 Qd5 18.h3 h5 19.Qa4 Bxd4 20.Bxd4 Qxd4 21.Qxd4 Rxd4 22.Rc1
Rd2 23.Rxc6 Rxb2 24.Rc7 a5 25.Rc5 a4 26.Rc4 Rxe2 27.Rxa4 Re1+ 28.Kh2 e3
29.fxe3 Rxe3 30.Ra8+ Kg7 31.h4 Re2 32.Re8 Be4 33.Rxe7 Rxg2+ {#R} 0-1

[Event "Cup Gaudeamus (open)"]
[Site "Bucharest (Romania)"]
[Date "2011.06.19"]
[Round "4"]
[White "Stanciu Robert (ROM)"]
[Black "Burnoiu Nicolae-Costel (ROM)"]
[Result "0-1"]
[WhiteElo "2129"]
[BlackElo "2395"]

1.d4 Nf6 2.Nf3 g6 3.g3 Bg7 4.Bg2 O-O 5.O-O d5 6.c4 c6 7.cxd5 cxd5 8.Nc3 Nc6
9.a3 Bf5 10.Bf4 Rc8 11.Ne5 Ne4 12.Nxe4 Bxe4 13.Nxc6 Rxc6 14.Bxe4 dxe4 15.e3
Qd5 16.g4 Rfc8 17.Qa4 Qd7 18.Qd1 Rc2 19.b4 R8c3 20.a4 Qc8 21.Kh1 Rd3 22.Qxc2
Qxc2 23.Rfc1 Qxf2 24.Rc8+ Bf8 25.Bh6 Qf3+ 26.Kg1 Qxg4+ {#R} 0-1

[Event "Ch Commonwealth (open)"]
[Site "Ekurhuleni (South Africa)"]
[Date "2011.06.24"]
[Round "10"]
[White "Makoto Rodwell (ZIM)"]
[Black "Tafira Tinashe"]
[Result "1-0"]
[WhiteElo "2166"]
[BlackElo "1953"]

1.d4 Nf6 2.Nf3 g6 3.g3 Bg7 4.Bg2 O-O 5.O-O c6 6.c4 d5 7.cxd5 cxd5 8.Ne5 Nc6
9.Nxc6 bxc6 10.Nc3 Qb6 11.Na4 Qb5 12.b3 Ba6 13.Re1 Nd7 14.Ba3 Rfe8 15.Rc1 e5
16.dxe5 Rxe5 17.e4 Rae8 18.Qd2 Nf6 19.Bf1 Qb8 20.Qc2 Bh6 21.Rcd1 {#r} 1-0

[Event "It \"]
[Site "Bad Homburg (Germany)"]
[Date "2011.06.25"]
[Round "6"]
[White "Altenaehr Johannes (GER)"]
[Black "Francke Helmut Dr (GER)"]
[Result "0-1"]
[WhiteElo "1645"]
[BlackElo "1996"]

1.Nf3 c5 2.g3 Nc6 3.Bg2 g6 4.c3 Bg7 5.Qc2 d5 6.O-O Nf6 7.d3 O-O 8.Nbd2 h6
9.Re1 e5 10.e4 dxe4 11.Nxe4 Nxe4 12.Rxe4 Bf5 13.Re3 Qd6 14.Nh4 Be6 15.Bd2 Rad8
16.Be4 Kh7 17.Rf1 f5 18.Bh1 e4 19.Rfe1 Ne5 20.Bc1 Nxd3 21.Rd1 Qb6 22.b3 Ne5
23.Bd2 g5 24.Nxf5 Bxf5 25.Bxe4 Qg6 26.Rde1 Bxe4 27.Rxe4 Rxd2 {#R} 0-1

[Event "Zt"]
[Site "Rio de Janeiro (Brazil)"]
[Date "2011.06.26"]
[Round "9"]
[White "Cavalcanti Francisco (BRA)"]
[Black "De Paiva Pedro Henrique (BRA)"]
[Result "1-0"]
[WhiteElo "2303"]
[BlackElo "2264"]

1.d4 Nf6 2.c4 g6 3.Nc3 d5 4.Nf3 Bg7 5.g3 O-O 6.Bg2 c6 7.cxd5 cxd5 8.O-O Nc6
9.Ne5 Nxe5 10.dxe5 Ng4 11.Qxd5 Nxe5 12.Bg5 Qc7 13.Qb3 Nc6 14.Nd5 Qa5 15.Bxe7
Be6 16.Bxf8 Rxf8 17.e4 Re8 18.Qxb7 Nd4 19.Qb4 Qd8 20.Rad1 Nc6 21.Qc5 Ne5
22.Nc7 Qc8 23.Nxe6 Qxe6 24.Qxa7 h5 25.Qa5 Qf6 26.Qc7 Bf8 27.h3 g5 28.Rd5 g4
29.h4 Qe6 30.a4 f6 31.Rc1 Qa6 32.Bf1 Qxa4 33.Rxe5 Rxe5 34.Bc4+ {#r} 1-0

[Event "Ch Pan-American (juniors) (under 14) (g)"]
[Site "Cali (Colombia)"]
[Date "2011.07.06"]
[Round "5"]
[White "Salcedo Jackelin (COL)"]
[Black "Hernandez Maria Paula (COL)"]
[Result "0-1"]
[WhiteElo "1944"]
[BlackElo "1975"]

1.c4 c6 2.g3 Nf6 3.Bg2 d5 4.cxd5 cxd5 5.Nf3 Nc6 6.d4 g6 7.O-O Bg7 8.Nc3 O-O
9.Ne5 Nxe5 10.dxe5 Nd7 11.f4 e6 12.Kh1 f6 13.exf6 Bxf6 14.Be3 Nb6 15.Bd4 Nc4
16.b3 Nd6 17.e4 Nxe4 18.Nxe4 dxe4 19.Bxf6 Qxf6 20.Bxe4 Rd8 21.Qf3 Rb8 22.Rfd1
b6 23.Rxd8+ Qxd8 24.Rd1 Qe7 25.Bc6 Bb7 26.Rd7 Qxd7 27.Bxd7 {#R} 0-1

[Event "Ch Czech Republic (active) (open)"]
[Site "Pardubice (Czech Republic)"]
[Date "2011.07.21"]
[Round "8"]
[White "Kononenko Dmitry_ (UKR)"]
[Black "Akesson Ralf (SWE)"]
[Result "1-0"]
[WhiteElo "2608"]
[BlackElo "2421"]

1.d4 Nf6 2.c4 g6 3.g3 c6 4.Bg2 d5 5.cxd5 cxd5 6.Nc3 Bg7 7.Nf3 O-O 8.O-O Ne4
9.Nxe4 dxe4 10.Ne5 Bf5 11.Qb3 Nc6 12.Nxc6 bxc6 13.Rd1 Qb6 14.Bg5 Rfe8 15.Qc3
Rac8 16.Rac1 Qb5 17.Qa3 c5 18.Rxc5 Qxe2 19.Qa4 Qxb2 20.Rxc8 Rxc8 21.Bxe7 Bg4
22.Rf1 Bxd4 23.Ba3 Qd2 24.Bxe4 Be2 25.Bb4 Qb2 26.Qd7 Rb8 27.Rb1 Bxf2+ 28.Kxf2
Qf6+ 29.Kxe2 Rd8 30.Qc6 Qd4 31.Bc3 {#r} 1-0

[Event "It (open) (b)"]
[Site "Dortmund (Germany)"]
[Date "2011.07.24"]
[Round "2"]
[White "Ertelt Pornchai"]
[Black "Schweda Albert"]
[Result "1-0"]
[WhiteElo "1705"]
[BlackElo "1575"]

1.d4 Nf6 2.Nf3 g6 3.g3 Bg7 4.Bg2 O-O 5.c4 c6 6.Nc3 d5 7.cxd5 cxd5 8.O-O e6
9.Bg5 Qb6 10.Qc2 Nc6 11.e3 Bd7 12.Na4 Nb4 13.Nxb6 Nxc2 14.Bxf6 axb6 15.Bxg7
Nxa1 16.Bxf8 Kxf8 17.Rxa1 Ba4 18.Rc1 Bb5 19.a3 Bc6 20.Bf1 b5 21.Ne5 Rc8
22.Bxb5 {#r} 1-0

[Event "It (open)"]
[Site "Split (Croatia)"]
[Date "2011.08.05"]
[Round "1"]
[White "Brulic Denis (CRO)"]
[Black "Marinic-Kragic Miroslav (CRO)"]
[Result "1-0"]
[WhiteElo "2303"]
[BlackElo "1925"]

1.c4 Nf6 2.Nf3 g6 3.g3 Bg7 4.Bg2 O-O 5.O-O c6 6.d4 d5 7.cxd5 cxd5 8.Ne5 Nc6
9.f4 Bf5 10.Nc3 Nb4 11.a3 Nc2 12.Ra2 Rc8 13.g4 Nxg4 14.Nxg4 Bxd4+ 15.e3 Bxg4
16.Qxc2 Bb6 17.Qd3 d4 18.Nd5 dxe3 19.Bxe3 Bxe3+ 20.Qxe3 Rc2 21.Rf2 Rxf2
22.Nxe7+ Kg7 23.Kxf2 Re8 24.Qc3+ f6 25.Nd5 Re2+ 26.Kf1 Rxg2 27.Nxf6 Bh3
28.Nd7+ Kg8 29.Qxh3 Rd2 30.Qb3+ {#r} 1-0

[Event "Ch Germany (seniors)"]
[Site "Halle (Germany)"]
[Date "2011.08.12"]
[Round "8"]
[White "Hottes Dieter (GER)"]
[Black "Gerhardt Peter-Michael (GER)"]
[Result "0-1"]
[WhiteElo "2184"]
[BlackElo "2089"]

1.c4 Nf6 2.Nc3 g6 3.Nf3 Bg7 4.d4 O-O 5.g3 c6 6.Bg2 d5 7.cxd5 cxd5 8.Ne5 e6
9.O-O Nc6 10.Nxc6 bxc6 11.Na4 Nd7 12.Be3 Ba6 13.Rc1 Qa5 14.b3 Rfc8 15.Re1 Bf8
16.Bd2 Qb5 17.b4 Qb7 18.Rb1 Qc7 19.e4 Bc4 20.Bf4 Bd6 21.Bxd6 Qxd6 22.Qd2 a5
23.bxa5 Qa3 24.Nb6 Nxb6 25.axb6 Rcb8 26.Rb2 Rb7 27.Bf1 Bxf1 28.Rxf1 dxe4
29.Rc1 Rc8 30.Qb4 Qd3 31.Qc4 Qa3 32.Rc3 {#R} 0-1

[Event "Ch France"]
[Site "Caen (France)"]
[Date "2011.08.14"]
[Round "1"]
[White "Le Roux Jean-Pierre (FRA)"]
[Black "Hamdouchi Hichem (FRA)"]
[Result "0-1"]
[WhiteElo "2517"]
[BlackElo "2628"]

1.Nf3 Nf6 2.c4 g6 3.d4 Bg7 4.g3 O-O 5.Bg2 c6 6.Nc3 d5 7.cxd5 cxd5 8.Ne5 e6
9.O-O Nfd7 10.Nf3 Nc6 11.e4 dxe4 12.Nxe4 h6 13.Be3 Nb6 14.Rc1 Nd5 15.Nc3 Nce7
16.Nxd5 Nxd5 17.Bd2 Qb6 18.Qa4 Rd8 19.Ne5 Qxb2 20.Bxd5 exd5 21.Rc2 Qb6 22.Rfc1
Bh3 23.Rc7 Rf8 24.Bf4 g5 25.Be3 Rad8 26.Nd7 Rxd7 27.Rxd7 Qe6 {#R} 0-1

[Event "It (open)"]
[Site "Porto San Giorgio (Italy)"]
[Date "2011.08.23"]
[Round "4"]
[White "Foglia Maurizio (ITA)"]
[Black "Tomasini Giovanni"]
[Result "0-1"]
[WhiteElo "2213"]
[BlackElo "1982"]

1.Nf3 Nf6 2.d4 d5 3.g3 g6 4.c4 c6 5.cxd5 cxd5 6.Nc3 Bg7 7.Bg2 Nc6 8.O-O O-O
9.Ne5 h6 10.Be3 e6 11.Nxc6 bxc6 12.Na4 Ng4 13.Bc1 h5 14.b3 Nh6 15.Ba3 Re8
16.Rc1 Bd7 17.Bd6 Nf5 18.Be5 f6 19.Bf4 e5 20.dxe5 fxe5 21.Bd2 e4 22.e3 h4
23.Bc3 hxg3 24.hxg3 Qg5 25.Bxg7 Kxg7 26.Nc3 Rad8 27.Ne2 Rh8 28.Nf4 Kf7 29.Nxd5
Qh6 30.Re1 Qh2+ 31.Kf1 Nxg3+ 32.fxg3 Bh3 {#R} 0-1

[Event "It (open) \"]
[Site "Brno (Czech Republic)"]
[Date "2011.08.25"]
[Round "6"]
[White "Vojacek Zdenek (CZE)"]
[Black "Glacner Karel (CZE)"]
[Result "1-0"]
[WhiteElo "1943"]
[BlackElo "1729"]

1.Nf3 Nf6 2.c4 c6 3.g3 g6 4.Bg2 d5 5.cxd5 cxd5 6.O-O Bg7 7.Nc3 O-O 8.d4 b6
9.Bf4 Nc6 10.Rc1 Bb7 11.Re1 Nh5 12.Be3 Nf6 13.Bh3 Re8 14.Ne5 Nxe5 15.dxe5 Ne4
16.Nxe4 dxe4 17.Qxd8 Rexd8 18.Rc7 Bd5 19.Rxe7 Kf8 20.Bg5 Re8 21.Rd7 Rxe5
22.Bf4 Rf5 23.Rd1 Bc6 24.Rc7 Rd5 25.Rc1 Bxb2 26.R1xc6 Rc5 27.Bd6+ {#r} 1-0

[Event "It \"]
[Site "Wiesbaden (Germany)"]
[Date "2011.08.28"]
[Round "7"]
[White "Beck Michael"]
[Black "Martin T Milan"]
[Result "0-1"]
[WhiteElo "1885"]
[BlackElo "2076"]

1.Nf3 Nf6 2.c4 d5 3.g3 g6 4.Bg2 Bg7 5.d4 O-O 6.O-O c6 7.cxd5 cxd5 8.Nc3 Nc6
9.Bf4 a6 10.Qd2 Re8 11.Rfd1 b5 12.Rac1 Bb7 13.Ne5 Na5 14.b3 e6 15.Bg5 Rc8
16.Ng4 Nc6 17.Qe3 Nxg4 18.Qf4 Bf6 19.h4 h6 {#R} 0-1

[Event "Tournament (Elo)"]
[Site "Campinas (Brazil)"]
[Date "2011.08.30"]
[Round "4"]
[White "Martinez Carlos Alejandro (BRA)"]
[Black "Santos Junior Luiz Sergio"]
[Result "1-0"]
[WhiteElo "2501"]
[BlackElo "1680"]

1.d4 Nf6 2.Nf3 g6 3.g3 Bg7 4.Bg2 d5 5.O-O O-O 6.c4 c6 7.cxd5 cxd5 8.Nc3 Nc6
9.Ne5 Bf5 10.Nxc6 bxc6 11.Na4 Ne4 12.Be3 e5 13.Rc1 Qd7 14.b3 Rfe8 15.dxe5 Bxe5
16.Bd4 Bxd4 17.Qxd4 Ng5 18.Rfe1 Bh3 19.Nc5 Qg4 20.Qxg4 Bxg4 21.f3 Bh3 22.Nd3
Bxg2 23.Kxg2 Rac8 24.Nb4 Re3 25.h4 Ne6 26.Nxd5 {#r} 1-0

[Event "Cup Governor's (open)"]
[Site "Khanty Mansyisk (Russia)"]
[Date "2011.09.07"]
[Round "8"]
[White "Sedenko Anatoly (UKR)"]
[Black "Kotlyar Kirill (RUS)"]
[Result "0-1"]
[WhiteElo "2044"]
[BlackElo "2241"]

1.Nf3 Nf6 2.c4 g6 3.g3 Bg7 4.Bg2 O-O 5.O-O c6 6.d4 d5 7.cxd5 cxd5 8.Qb3 Nc6
9.Bd2 Ne4 10.Bc3 Nxc3 11.bxc3 e6 12.Nbd2 b6 13.e4 dxe4 14.Nxe4 Bb7 15.Nc5 Na5
16.Nxb7 Nxb3 17.Nxd8 Nxa1 18.Nxf7 Nc2 19.N7e5 Rac8 20.Bh3 Rxc3 21.Bxe6+ Kh8
22.Ng5 Bxe5 23.dxe5 Nd4 24.f4 Nxe6 25.Nxe6 Rfc8 26.f5 gxf5 27.Rxf5 Rc2 28.Ng5
Rxa2 29.e6 Ra5 30.g4 Re8 31.h4 h6 32.Nf7+ Kg7 33.g5 Rxf5 34.Nd6 Rff8 {#R} 0-1

[Event "Memorial Oliver Gonzalez (open)"]
[Site "Madrid (Spain)"]
[Date "2011.10.10"]
[Round "3"]
[White "Penaranda Grilo Juan Carlos (ESP)"]
[Black "Hernando Pertierra Jose C (ESP)"]
[Result "0-1"]
[WhiteElo "1889"]
[BlackElo "2383"]

1.d4 g6 2.Nf3 Bg7 3.g3 c5 4.c3 cxd4 5.cxd4 d5 6.Nc3 Nc6 7.Bg2 Nf6 8.O-O O-O
9.Qb3 Ne4 10.Rd1 Na5 11.Qb4 Nxc3 12.Qxc3 Bf5 13.Bd2 b6 14.Rac1 Rc8 15.Qb4 Bc2
16.Re1 Nc6 17.Qa3 Be4 18.e3 Qd7 19.Qa4 Rc7 20.Rc3 Bxf3 21.Bxf3 Nxd4 {#R} 0-1

[Event "Bundesliga B Mitte 2011/12"]
[Site "Austria"]
[Date "2011.10.23"]
[Round "3"]
[White "Kilgus Georg (AUT)"]
[Black "Kozul Zdenko (CRO)"]
[Result "0-1"]
[WhiteElo "2427"]
[BlackElo "2541"]

1.Nf3 Nf6 2.c4 g6 3.Nc3 Bg7 4.g3 c6 5.Bg2 d5 6.cxd5 cxd5 7.d4 O-O 8.O-O e6
9.Bf4 Bd7 10.Qb3 Bc6 11.Ne5 Nfd7 12.Rfd1 g5 13.Nxc6 Nxc6 14.Bd6 Re8 15.Qxb7
Na5 16.Qc7 Nc4 17.b3 Nxd6 18.Qxd6 Qc8 19.Nb5 Bf8 20.Qc7 a6 {#R} 0-1

[Event "It (open)"]
[Site "Brno (Czech Republic)"]
[Date "2011.11.14"]
[Round "3"]
[White "Bradac Roman (CZE)"]
[Black "Horak Miroslav_ (CZE)"]
[Result "1-0"]
[WhiteElo "2032"]
[BlackElo "1838"]

1.c4 Nf6 2.Nc3 g6 3.g3 Bg7 4.Bg2 c6 5.Nf3 O-O 6.O-O d5 7.cxd5 cxd5 8.d4 Nc6
9.Ne5 e6 10.h3 Ne8 11.Nxc6 bxc6 12.Na4 Nd6 13.b3 Nb5 14.Bb2 Qe7 15.Rc1 Bb7
16.Nc5 Rfc8 17.e3 a5 18.Qd2 Ra7 19.a4 Nd6 20.Bc3 Qc7 21.Rc2 Ba8 22.Rfc1 Nb7
23.Nd3 Bf8 24.Bb2 Qb6 25.Rc3 Bb4 26.Nxb4 Qxb4 27.e4 Nd6 28.Qh6 Rb8 29.Ra1 Qxd4
30.Rc2 {#r} 1-0

[Event "It (open)"]
[Site "Brno (Czech Republic)"]
[Date "2011.11.15"]
[Round "5"]
[White "Pascenko Jaromir (CZE)"]
[Black "Castellano Alfonso (ITA)"]
[Result "1-0"]
[WhiteElo "2083"]
[BlackElo "1935"]

1.c4 Nf6 2.Nc3 g6 3.g3 Bg7 4.Bg2 c6 5.Nf3 O-O 6.O-O d5 7.cxd5 cxd5 8.d4 Nc6
9.Ne5 e6 10.Nxc6 bxc6 11.Bf4 Nd7 12.Bd6 Re8 13.Na4 Nb6 14.Bc5 Rb8 15.Rb1 Ba6
16.Nc3 Qc7 17.f4 Nd7 18.Ba3 Qb6 19.Kh1 Qxd4 20.Qc2 Qc4 21.Rf3 Bb7 22.e4 d4
23.Bf1 d3 24.Rxd3 Nf6 25.Rd6 {#r} 1-0

[Event "It (open)"]
[Site "Sevilla (Spain)"]
[Date "2012.01.11"]
[Round "5"]
[White "Paunovic Dragan (SRB)"]
[Black "Estremera Panos Sergio (ESP)"]
[Result "1-0"]
[WhiteElo "2520"]
[BlackElo "2379"]

1.Nf3 Nf6 2.g3 d5 3.Bg2 g6 4.c4 c6 5.d4 Bg7 6.cxd5 cxd5 7.Nc3 O-O 8.Ne5 e6
9.O-O Nfd7 10.f4 Nc6 11.Be3 Ndxe5 12.dxe5 d4 13.Bxc6 dxc3 14.Bf3 cxb2 15.Qxd8
Rxd8 16.Rab1 f6 17.Rxb2 fxe5 18.fxe5 Bxe5 19.Rb3 Rb8 20.Bxa7 Ra8 21.Bb6 Bd4+
22.Bxd4 Rxd4 23.e3 Rd7 24.Rc1 Rb8 25.Rbc3 Rd8 26.Rc7 Rf8 27.Bg4 {#r} 1-0